00638nam a2200205 4500001000700000003000900007005001700016007000300033008004100036080003000077080001100107100002300118245010300141250001700244260004900261300003600310650004000346650002500386852002100411141746ES-MaACL20230906200346.0t|070927s1942 sp a ||||1| spa d a655.4/.5:821.134.2'373.46 a655.111 aVindel, Francisco.10aManual de conocimientos técnicos y culturales para profesionales del libro / cFrancisco Vindel. a2ª ed. aum. aMadrid : b[s.n.], c1942 (fImp. Góngora) aVIII, 197 p. : bil. ; c25 cm.14aLibros-xComercio-xTerminología. 4aImprenta-vHistoria. aES-MaACLjD-6879